000 01486cam a2200253 4500
001 ABS66994
008 030901n2003 000 0 eng u
035 _a(Sirsi) u123411
100 _aLupton, M.
245 _aReform not revolution
_h[electronic resource]
260 _c2003
490 _aInside Housing
_v20(24) 20 June 2003, 27-29(2)
520 _aDiscusses the proposal in the ODPM consultation paper "Increasing the effectiveness of powers to regulate RSLs"that the role for developers and other private bodies in the provision of social housing could be widened, paying social housing grant to profit-making organisations. The proposal appears to be based on the assumption that housing associations are under-performing and need to compete with private developers on price. The key strength of the development of social housing by associations is however their longer-term view that links development and financing with on-going management and maintenance. Concludes that detailed thinking on this issue has yet to be done.
590 _aABS
650 _aRefurbishment
_96264
650 _aREGISTERED SOCIAL LANDLORDS
650 _aHOUSING BILL
650 _aHOUSING ASSOCIATIONS
650 _aSOCIAL HOUSING GRANT
690 _aAffordable housing
_96215
700 _aGibson, M.
856 _uhttps://www.insidehousing.co.uk/journals/insidehousing/legacydata/uploads/pdfs/1060343178_IH.030620.027-029.pdf
_zView article at www.insidehousing.co.uk
942 _n0
999 _c73304
_d73304